000
00316 a2200109 4500
001
ART_24956
005
20260410161933.0
008
260409a
245
1
0
_a
Las técnicas alternativas de la producción
100
1
_a
Wainer, Pedro H.
773
0
_t
Informe
_g
- Año I, Nº 4 (oct. 1969)
_w
REV23765
999
_c
28774
_d
28774